000 00570nam a22001577a 4500
020 _a9789692208734
082 _a297.4
_bAZE
100 _aAzeemi, Khawaja Shams Ul Deen
245 _aAlasto Be Rabbikum:
_cKhawaja Shams Ul Deen Azeemi
260 _aKarachi :
_bAzeemi University Press,
_c2022.
300 _a180 p. ;
_c22 cm.
563 _aHBK.
650 _aتصوف
_9113847
880 _6245-02\r
_a اَلَستْ بِرَبِّکْم: ساری مخلوق نے کہا، ہم اعتراف کرتے ہیں کہ آپ ہمارے رب ہیں
942 _2ddc
_cBK
999 _c595031
_d595031